| 000 | 009960am a2200241 004500 | ||
|---|---|---|---|
| 003 | EG-GiCUC | ||
| 008 | 070729s1979 ua g 000 0 ara d | ||
| 040 |
_aEG-GiCUC _bara _cEG-GiCUC |
||
| 043 | _aap----- | ||
| 092 | 0 | 4 |
_a332.60953 _bA995 _221 |
| 099 |
_a04 _a332.60953 A995 |
||
| 100 | 1 | _aعزيز : محمد | |
| 245 | 1 | 0 |
_aانماط الانفاق والاستثمار فى اقطار الخليج العربى / _cمحمد عزيز |
| 260 |
_aالقاهرة _bالمنظمة العربية للتربية و الثقافة و العلوم : معهد البحوث و الدراسات العربية : _c1979 |
||
| 300 |
_a330ص ؛ _c24سم |
||
| 504 | _aيشتمل على ارجاعات ببليوجرافية (ص328-330) | ||
| 650 | 7 |
_aالاستثمار _zالخليج العربى _2qrmak |
|
| 902 | _a1 | ||
| 905 |
_aمنى _eمدخل |
||
| 905 |
_aمنى _eمراجع |
||
| 942 |
_2ddc _cBK |
||
| 999 |
_c100924 _d100924 |
||